000
00218nam a2200097Ia 4500
008
240331s9999 xx 000 0 und d
082
_b
SAN
100
_a
Periyar Thiratha . ed
245
0
_a
Sanaskritha athikam
942
_c
L
999
_c
3653
_d
3653